000 00439nam a2200169 a 4500
005 20140414132135.0
008 140221s19uu xx 00 eng d
020 _a9781426307751
050 _aREF 567.9
_bWe 2011
100 _aWeidner-Zochfeld, Kathy
245 _aDinosaurs.
260 _aNew York :
_bNational Geographic,
_c2011.
300 _a32
440 _aNational Geographic for kids
650 _aDinosaurs
999 _c115301
_d115301